000 00351nam a22001457a 4500
020 _a0-340-87383-3
082 _a823
_bDAN/L
245 _aDELPHIN DIARIES
_bSHORT STORY
246 _aDELPHIN DIARIES
_bSHORT STORY
260 _aBRITIANN
_bHODDER CHILDREN'S BOOKS
_c2003
300 _a151
520 _aSHORT STORY
650 _aSHORT STORY
942 _cBK
999 _c2054
_d2054